000
00319nam a22001457a 4500
008
230907b ||||| |||| 00| 0 eng d
020
_a
003715741
041
_a
eng
080
_a
316
082
_a
316DRE
100
_a
24
101
_a
SOCGJ
245
_a
STRENGTHENING ACADEMIC SCIENCE
_c
DREW.E.D
942
_2
udc
_c
BK
999
_c
60273
_d
60273